02494cam a22003735 4500999001500000001000700015003000400022005001700026008004100043010002500084020002100109020001900130035002600149035002400175035002300199035001100222040002300233050001800256082001500274245008900289250002800378264004400406300001800450336002600468337002800494338002700522505135200549630002201901655002401923700002101947942001201968945002001980952012002000 c6436d6436270760OSt20190116195929.0720818|1972 miu 000 0cengs  a 72189855 //r8140  a0802814328qv. 1 c$1.50 (varies) a(CStRLIN)JPT08183779X a(CaOTULAS)108183779 a(OCoLC)ocm00410149 a270760 aPTSbengerdacPTS0 aBS605.2b.B47 a220bB634b00aBible characters and doctrines.bPhilip to the Church in Jeresulem/ the Holy Spirit/ a[First U.S.A. edition]. 1aGrand/Rapids :b[Eerdmans],c[1972-75.] a125p.;c18 cm atextbtxt2rdacontent aunmediatedbn2rdamedia avolumebnc2rdacarrier0 a1. Adam to Esau, by E.M. Blaiklock. The God who speaks - scripture and revelation, by P. Crowe.- 2. Joseph to Moses, by E.M. Blaiklock. God in his world, by A.E. Cundall.- 3. Nadab to Boaz, by E.M. Blaiklock. The character of God, by J.S. Wright.- 4. Elkanah to David, by E.M. Blaiklock. The Holy Trinity, by G. Grogan.- 5. Bathsheba to Rehoboam, by E.M. Blaiklock. Man and sin, by A.S. Wood.- 6. Jeroboam to Hosea, by E.M. Blaiklock. Law and grace, by H.H. Rowdon.- 7. Uzziah to Daniel, by E.M. Blaiklock. The life of Christ, by H.L. Ellison.- 8. Vashti to Elihu, by E.M. Blaiklock. The person of Christ, by J. Philip.- 9. Mary, mother of Christ to the Gadarenes, by E.M. Blaiklock. The work of Christ, by R.A. Finlayson.- 10. Jairus to blind leaders, by E.M. Blaiklock. Righteousness in Christ, by W.L. Lane.- 11. The shepherd to Judas, by E.M. Blaiklock. Life in Christ, by J.I. Packer.- 12. Philip to the church in Jerusalem, by E.M. Blaiklock. The Holy Spirit, by Leon Morris.-13. Ananias to Paul, by E.M. Blaiklock. The kingdom and the church, by F.F. Bruce.-14. Paul's friends to Caesar's household, by E.M. Blaiklock. The mission of the church, by Colin Grant.-15. The Corinthians to Demas, by E.M. Blaiklock. The church's ministry and ordinances, by G.W. Kirby.-16. Onesumus to "I Jesus" by E. M. Blaiklock. The last things, by G.E. Ladd.00aBiblexTextbooks. 7aBiographies.2lcgft1 aBlaiklock, E. M. 2ddccBK aMARCIVE20181205 00102ddc40708NFICaHMCbHMCcGENd2019-01-16g120.00l0o220 B634bp007574r2019-01-16 00:00:00w2019-01-16yBK